Statistics for (You Drive Me) Crazy - Britney Spears (All Lyrics)

Click here to take the quiz!

General Stats

  • This quiz has been taken 22 times
  • The average score is 216 of 252

Answer Stats

Answer% Correct
Crazy
100%
crazy
100%
drive
100%
I
100%
in
100%
me
100%
so
100%
to
100%
too
100%
you
100%
You
100%
(you
100%
Baby
95%
baby)
95%
can
95%
can't
95%
do?
95%
I'm
95%
it
95%
just
95%
What
95%
all
89%
but
89%
deep
89%
feel
89%
is
89%
night
89%
of
89%
the
89%
The
89%
into
84%
it's
84%
on
84%
That
84%
that
84%
time
84%
at
79%
ever
79%
every
79%
Every
79%
excited
79%
feels
79%
got
79%
My
79%
my
79%
see
79%
sleep
79%
thinkin'
79%
up
79%
and
74%
heart
74%
keeps
74%
look
74%
not
74%
you're
74%
around
68%
day
68%
make
68%
More
68%
more
68%
one
68%
only
68%
somethin'
68%
Tell
68%
than
68%
will
68%
alright
63%
alright)
63%
before
63%
easy
63%
felt
63%
ground
63%
spin
63%
thinking
63%
anythin'
58%
feelings
58%
jumping
58%
movin'
58%
much
58%
Yeah
58%
yeah
58%
earth
53%
wasting
53%
Lovin'
47%
means
47%
Ooh
47%
blue
42%

Score Distribution

Percentile by Number Answered

Percent of People with Each Score

Your Score History

You have not taken this quiz